Quizzes
Events
Quiz Creation
Community
Videos
Private Events
Remove Ads
Sign In
Join for FREE
Feedback
Dark Mode
Quiz Categories
Sports
Geography
Music
Movies
Television
Just For Fun
Miscellaneous
History
Literature
Language
Science
Gaming
Entertainment
Religion
Holiday
For Kids
Quiz Lab
Recent
Popular Today
Quiz Kudos Today
Editor Picks
Curator Picks
Quizzes by...
Day
Popularity
Type
Ratings
Length
Year
Community
Subscriptions
Recent Discussions
Orange Saloon
Badges
Playlists
Quests
Create
Leaderboards
Showdown
Live 5
Trivia Bingo
Activity
Puzzle Library
Sporcle Events
Private Events
Virtual Trivia
Globe League
Become a Host
Pub Owners
SporcleCon
Opinionation
Our Games
Videos
Blog
Mobile Apps
Partnerships
Remove Ads and Go Orange
Feedback
Sports
Athletes
MLB
NBA
NHL
NFL
Soccer
Sports Teams
WWE
NCAA
Football
Premier League
Basketball
Baseball
Hockey
Golf
Tennis
Cricket
Rugby
Auto Racing
Olympics
World Cup
Sports
Athletes
MLB
NBA
NHL
NFL
Soccer
Sports Teams
WWE
NCAA
Football
Premier League
Basketball
Baseball
Hockey
Golf
Tennis
Cricket
Rugby
Auto Racing
Olympics
World Cup
Random Quiz
Search Sporcle
×
Quiz Lab
Quiz Lab
Sports
Athletes
Type in answers that appear in a list
Type in answers that appear in a list
Classic
Best Score? Go Orange.
Sports Illustrated's Greatest Athletes of the 1900's Stats
Can you name the greatest athletes of the 20th century according to Sports Illustrated?
By
IrishRoo12
6m
25 Questions
992 Plays
992 Plays
992 Plays
Comments
Comments
Give Quiz Kudos
Give Quiz Kudos
-
- Ratings
hide this ad
Replay
Link that replays current quiz
Next Quiz
Link to next quiz in quiz playlist
You Got
0%
They Got
Avg Score
61%
Avg Friend Score
Upgrade to see
Score Distribution
Jump to the score distribution portion of the page
Score
0/25
Timer
06:00
0
Plays Today
Athlete
% Correct
Michael Jordan
97.5%
Babe Ruth
91.9%
Muhammad Ali
89.8%
Magic Johnson
88.4%
Wayne Gretzky
84.9%
Pele
81.3%
Wilt Chamberlain
80.2%
Larry Bird
80.2%
Jack Nicklaus
75.7%
Joe Montana
75.3%
Jim Brown
68.9%
Bill Russell
68.5%
Carl Lewis
67.9%
Athlete
% Correct
Ted Williams
62.1%
Willie Mays
61.9%
Hank Aaron
61.4%
Mickey Mantle
56.9%
Jim Thorpe
48.2%
Joe Louis
45.1%
Martina Navratilova
39.3%
Rod Laver
32.2%
'Babe' Didrikson
24.7%
Jackie Joyner-Kersee
21.7%
Red Grange
20.1%
Don Hutson
9.8%
Quiz Playlist
Details
Report
Send in Message
Add To Playlist
Classic:
Type in answers that appear in a list
Last Updated: Feb 16, 2017
Quiz Scoreboard
CHALLENGE
Sign Up to Join the Scoreboard
Show All
Scores
Hide
Comments
May contain spoilers
Recently Published
TV Characters by Other Roles V
by ghcgh
Television
5m
Decade Duel: World Leaders
by jenniferyan
History
4m
Alphabetical 'K' Countries by Flag Minefield
by ylime102
Geography
3m
More to Explore
Quiz From the Vault
Featured Blog Post
15 Basketball Trivia Facts You Can Be March Mad About
hide this ad
You Might Also Like...
Tags
Athletes Quiz
20th Century
greatest
Illustrated
Sports Illustrated
Today's Top Quizzes in Sports
Browse Sports
hide this ad
Today's Top Quizzes in Athletes
Browse Athletes
Top Contributed Quizzes in Sports
1
MLB 2 truths and a lie: Hall of Fame pitchers
2
Les joueurs à 100 buts en Ligue 1 Uber Eats
3
2022 World Cup Stars
4
Pick 6: NFL Teams
5
Pick 6: Minor League Baseball
6
Millionaire: NBA Finals Edition
7
50+ Goals in European Competition
8
Click the 1998 NBA Draft
9
Pick 6: Olympics
10
Iconic Moments in Football - Multiple Choice
Explore More
Trending Topics
Harry Potter
Kpop
Disney
Crossword
Marvel
NBA
Anime
Pokémon
WWE
Soccer
Puzzle
NFL
Country
The Office
Song
hide this ad
More By:
IrishRoo12
Quiz
Plays
Rating
Category
Featured
Created
Sports Illustrated's Greatest Athletes of the 1900's
992
3.22
Sports
Apr 20, 2011
College Football’s 12 Greatest Period Dynasties (SI)
901
3.50
Sports
Jun 16, 2011
Sports Illustrated's Top Dynasties
798
3.00
Sports
Apr 20, 2011
A&E's Biography of the Millennium
583
3.67
History
May 4, 2011
Notre Dame Football Coaches 1913-
205
5.00
Sports
Apr 11, 2011
Go to Creator's Profile
Score Distribution
Quiz Creator Spotlight
IrishRoo12
Follow
Send a Message
Quizzes Created
-
Created Quiz Play Count
-
More By This Creator
Popular Quizzes Today
1
Countries of Asia Without Outlines Minefield
2
Find the US States - No Outlines Minefield
3
Pick 6: Fruits
4
The Countries of the World
5
Find the Countries of Europe - No Outlines Minefield
6
Alphabetical 'K' Countries by Flag Minefield
7
Find the US States
8
US States
More Sports Quizzes
NBA 25,000 Point Scorers by Photo
Published
Trending Quizzes
Pick 6: Mountains
Pick 6: Harry Potter
Pick 6: NFL Teams
Pick 6: Flags
C Names for Actors
Recently Updated
Adaptations: Name the Title
pecheneg
NWSL Teams
pecheneg
Women's Final Four Teams by Year
bhenderson79
Presidents Quartet II
eogle
Anything But Clue(do)
eogle
Anything But Oceanian Capitals
eogle
Anything But 7
eogle
Anything But Thing
eogle
Word Ladder: February 29
pecheneg
Song Title Questions
pecheneg
Trending Topics
Marvel
NBA
Kpop
Crossword
Harry Potter
Anime
Disney
Pokémon
NFL
Puzzle
WWE
The Office
Soccer
Country
Song
Your Account Isn't Verified!
In order to create a playlist on Sporcle, you need to verify the email address you used during registration. Go to your
Sporcle Settings
to finish the process.
Report this User
Report this user for behavior that violates our
Community Guidelines
.
Details:
Send Report
Go to the Sporcle.com Mobile Site →
Comments